00456nam a2200169Ia 450000500170000000800410001702000180005804100080007608200150008410000130009924500560011226000400016830000090020850000280021765000280024570000130027320251120131907.0230125s9999 xx 000 0 und d a9789380032092 aeng a158.1bBAR aBarnes M aTime to Think bSeize Control of Your Time and Life c2009bWestland PublicationsaMumbai a204p aPersonality Development aPersonality Development aBarnes M